Top 10 hockey players in 2024/2025 season - Statistics

General Stats
  • This quiz has been taken 174 times
  • The average score is 6 of 10
Answer Stats
rank Players % Correct
1 Connor McDavid
98%
2 Nathan MacKinnon
83%
4 Cale Makar
75%
5 Leon Draisaitl
69%
3 Auston Matthews
67%
7 Nikita Kucherov
57%
10 Quinn Hughes
52%
9 Matthew Tkachuk
32%
8 Alesander Barkov
28%
6 Igor Shesterkin
10%
No matching quizzes found
Score Distribution
Percent of People with Each Score
Percentile by Number Answered
Your Score History
You have not taken this quiz